<?xml version="1.0" encoding="UTF-8"?>
<record
    xmlns:xsi="http://www.w3.org/2001/XMLSchema-instance"
    xsi:schemaLocation="http://www.loc.gov/MARC21/slim http://www.loc.gov/standards/marcxml/schema/MARC21slim.xsd"
    xmlns="http://www.loc.gov/MARC21/slim">

  <leader>02927njm a2200481Ia 4500</leader>
  <controlfield tag="001">20775</controlfield>
  <controlfield tag="003">IT-RoPAU</controlfield>
  <controlfield tag="005">20220918181122.0</controlfield>
  <controlfield tag="008">131025s9999    xx            000 0 und d</controlfield>
  <datafield tag="040" ind1=" " ind2=" ">
    <subfield code="a">IT-RoPAU</subfield>
  </datafield>
  <datafield tag="040" ind1=" " ind2=" ">
    <subfield code="c">IT-RoPAU</subfield>
  </datafield>
  <datafield tag="041" ind1=" " ind2=" ">
    <subfield code="a">ITALIANO</subfield>
  </datafield>
  <datafield tag="999" ind1=" " ind2=" ">
    <subfield code="c">99851</subfield>
    <subfield code="d">99851</subfield>
  </datafield>
  <datafield tag="999" ind1=" " ind2=" ">
    <subfield code="b">n.d.</subfield>
  </datafield>
  <datafield tag="100" ind1=" " ind2=" ">
    <subfield code="a">AA.VV.</subfield>
    <subfield code="9">794</subfield>
  </datafield>
  <datafield tag="100" ind1=" " ind2=" ">
    <subfield code="e">Autore musica</subfield>
    <subfield code="9">3254</subfield>
  </datafield>
  <datafield tag="100" ind1=" " ind2=" ">
    <subfield code="g">Codice autore musica SPICS: 12000</subfield>
    <subfield code="9">796</subfield>
  </datafield>
  <datafield tag="245" ind1=" " ind2=" ">
    <subfield code="a">Alberto Rabagliati (disco)</subfield>
  </datafield>
  <datafield tag="250" ind1=" " ind2=" ">
    <subfield code="a">2a ed.</subfield>
  </datafield>
  <datafield tag="260" ind1=" " ind2=" ">
    <subfield code="a">MILANO</subfield>
  </datafield>
  <datafield tag="260" ind1=" " ind2=" ">
    <subfield code="b">FRATELLI FABBRI EDITORI</subfield>
    <subfield code="c">1982 [1a Ed.:1970]</subfield>
  </datafield>
  <datafield tag="300" ind1=" " ind2=" ">
    <subfield code="a">DISCO</subfield>
  </datafield>
  <datafield tag="300" ind1=" " ind2=" ">
    <subfield code="c">26 minuti (Testo:  pag.)</subfield>
  </datafield>
  <datafield tag="500" ind1=" " ind2=" ">
    <subfield code="a">La canzone italiana. Stelle degli anni '40. Amore, sogno, finalmente sposi.</subfield>
  </datafield>
  <datafield tag="505" ind1=" " ind2=" ">
    <subfield code="a">Il primo pensiero [(Pagano/Cherubini-Rabagliati) (4:00)] - C'&#xE8; una casetta piccina [(Prato/Valabrega-Rabagliati) (4:00)] - Quando canta Rabagliati [(D'Anzi/Galdieri-Rabagliati) (4:00)] - Illusione [(De Rose/Bracchi-Rabagliati) (4:00)] - Serenata a Daina [(Calzia/Cram-Rabagliati) (4:00)] - Bambina innamorata [(Bracchi/D'Anzi-Rabagliati) (4:00)] - Maria la o (4:00) - Santa (4:00)</subfield>
  </datafield>
  <datafield tag="650" ind1=" " ind2=" ">
    <subfield code="a">CANZONE ITALIAN [DISCHI]</subfield>
    <subfield code="e">Codice MATERIA SPICS: 9950</subfield>
    <subfield code="9">3255</subfield>
  </datafield>
  <datafield tag="700" ind1=" " ind2=" ">
    <subfield code="a">Rabagliati Alberto</subfield>
    <subfield code="g">Codice interprete SPICS:  5101</subfield>
    <subfield code="e">Interprete</subfield>
    <subfield code="9">3256</subfield>
  </datafield>
  <datafield tag="700" ind1=" " ind2=" ">
    <subfield code="a">Cherubini Bixio</subfield>
    <subfield code="g">Codice autore musica SPICS: 13442</subfield>
    <subfield code="e">Autore musica</subfield>
    <subfield code="p">Il primo pensiero</subfield>
    <subfield code="9">3257</subfield>
  </datafield>
  <datafield tag="700" ind1=" " ind2=" ">
    <subfield code="a">Pagano </subfield>
    <subfield code="g">Codice autore testo/musica SPICS: 22529</subfield>
    <subfield code="e">Autore testo/musica</subfield>
    <subfield code="p">Il primo pensiero</subfield>
    <subfield code="9">3258</subfield>
  </datafield>
  <datafield tag="700" ind1=" " ind2=" ">
    <subfield code="a">Valabrega Cesare</subfield>
    <subfield code="g">Codice autore musica SPICS: 13589</subfield>
    <subfield code="e">Autore musica</subfield>
    <subfield code="p">C'&#xE8; una casetta piccina</subfield>
    <subfield code="9">3259</subfield>
  </datafield>
  <datafield tag="700" ind1=" " ind2=" ">
    <subfield code="a">Prato Carlo</subfield>
    <subfield code="g">Codice autore testo/musica SPICS: 13381</subfield>
    <subfield code="e">Autore testo/musica</subfield>
    <subfield code="p">C'&#xE8; una casetta piccina</subfield>
    <subfield code="9">3260</subfield>
  </datafield>
  <datafield tag="700" ind1=" " ind2=" ">
    <subfield code="a">Galdieri Michele</subfield>
    <subfield code="g">Codice autore musica SPICS: 13370</subfield>
    <subfield code="e">Autore musica</subfield>
    <subfield code="p">Quando canta Rabagliati</subfield>
    <subfield code="9">3261</subfield>
  </datafield>
  <datafield tag="700" ind1=" " ind2=" ">
    <subfield code="a">D'Anzi Giovanni</subfield>
    <subfield code="g">Codice autore testo/musica SPICS: 13458</subfield>
    <subfield code="e">Autore testo/musica</subfield>
    <subfield code="p">Quando canta Rabagliati - Bambina innamorata </subfield>
    <subfield code="9">3262</subfield>
  </datafield>
  <datafield tag="700" ind1=" " ind2=" ">
    <subfield code="a">Bracchi Alfredo</subfield>
    <subfield code="g">Codice autore musica SPICS: 13448</subfield>
    <subfield code="e">Autore musica</subfield>
    <subfield code="p">Illusione - Bambina innamorata</subfield>
    <subfield code="9">3263</subfield>
  </datafield>
  <datafield tag="700" ind1=" " ind2=" ">
    <subfield code="a">De Rose P.</subfield>
    <subfield code="g">Codice autore testo/musica SPICS: 18923</subfield>
    <subfield code="e">Autore testo/musica</subfield>
    <subfield code="p">Illusione</subfield>
    <subfield code="9">3264</subfield>
  </datafield>
  <datafield tag="700" ind1=" " ind2=" ">
    <subfield code="a">Cram (Ceirame Mario)</subfield>
    <subfield code="g">Codice autore musica SPICS: 13541</subfield>
    <subfield code="e">Autore musica</subfield>
    <subfield code="p">Serenata a Daina</subfield>
    <subfield code="9">3265</subfield>
  </datafield>
  <datafield tag="700" ind1=" " ind2=" ">
    <subfield code="a">Calzia Eugenio</subfield>
    <subfield code="g">Codice autore testo/musica SPICS: 13540</subfield>
    <subfield code="e">Autore testo/musica</subfield>
    <subfield code="p">Serenata a Daina</subfield>
    <subfield code="9">3266</subfield>
  </datafield>
  <datafield tag="700" ind1=" " ind2=" ">
    <subfield code="a">Gilbert</subfield>
    <subfield code="g">Codice autore musica SPICS: 22535</subfield>
    <subfield code="e">Autore musica</subfield>
    <subfield code="p">Maria la o</subfield>
    <subfield code="9">3267</subfield>
  </datafield>
  <datafield tag="700" ind1=" " ind2=" ">
    <subfield code="a">Wolf</subfield>
    <subfield code="g">Codice autore SPICS: 22534</subfield>
    <subfield code="e">Autore</subfield>
    <subfield code="p">Maria la o</subfield>
    <subfield code="9">3268</subfield>
  </datafield>
  <datafield tag="700" ind1=" " ind2=" ">
    <subfield code="a">Lecuona M.</subfield>
    <subfield code="g">Codice autore testo/musica SPICS: 14010</subfield>
    <subfield code="e">Autore testo/musica</subfield>
    <subfield code="p">Maria la o</subfield>
    <subfield code="9">3269</subfield>
  </datafield>
  <datafield tag="700" ind1=" " ind2=" ">
    <subfield code="a">Nisa (Salerno Nicola)</subfield>
    <subfield code="g">Codice autore musica SPICS: 13452</subfield>
    <subfield code="e">Autore musica</subfield>
    <subfield code="p">Santa</subfield>
    <subfield code="9">3270</subfield>
  </datafield>
  <datafield tag="700" ind1=" " ind2=" ">
    <subfield code="a">Lara Augustin</subfield>
    <subfield code="g">Codice autore testo/musica SPICS: 14008</subfield>
    <subfield code="e">Autore testo/musica</subfield>
    <subfield code="p">Santa</subfield>
    <subfield code="9">3271</subfield>
  </datafield>
  <datafield tag="942" ind1=" " ind2=" ">
    <subfield code="c">MD</subfield>
    <subfield code="2">ddc</subfield>
  </datafield>
  <datafield tag="952" ind1=" " ind2=" ">
    <subfield code="0">0</subfield>
    <subfield code="1">0</subfield>
    <subfield code="4">0</subfield>
    <subfield code="6">20775_000000000000000</subfield>
    <subfield code="7">1</subfield>
    <subfield code="a">SPICS</subfield>
    <subfield code="b">SPICS</subfield>
    <subfield code="d">2013-10-25</subfield>
    <subfield code="l">0</subfield>
    <subfield code="o">20775</subfield>
    <subfield code="r">2013-10-25 00:00:00</subfield>
    <subfield code="w">2013-10-25</subfield>
    <subfield code="y">MD</subfield>
    <subfield code="z">Progr. Ins.: 4078 / N.Vol.: 1 / Copie: 1 - Copia rara: n.d. / date import: 01.01.2014 - By Epidotti, Trombetti, Vaglietti</subfield>
  </datafield>
</record>
